| 000 | 00335nam a2200121Ia 4500 | ||
|---|---|---|---|
| 008 | 230907s9999||||xx |||||||||||||| ||und|| | ||
| 082 |
_a622.7 _bWIL |
||
| 100 |
_aWills, B. A. _942160 |
||
| 245 | 0 | _aWills' mineral processing technology : | |
| 260 |
_aElsevier/BH, _bAmsterdam ; | Boston, MA : _c2016 |
||
| 300 | _a498 p. : | ||
| 942 | _cBK | ||
| 999 |
_c598589 _d598589 |
||